00285nam a2200121Ia 4500008004100000082001300041100001900054245003000073250000900103260003200112300001100144650000800155191201s2011 xx 000 0 und d a301bVII aBHUSHAN, Vidya 0aIntroduction to Sociology a14th aN. DelhibKitab Mahalc2011 a936+76 aMBA